| 000 | 00624cam a2200205 4500 | ||
|---|---|---|---|
| 001 | D1137 | ||
| 008 | 090401t1984 xxu||||| |||| 00| 0 eng d | ||
| 035 | _a(Sirsi) u62651 | ||
| 041 | _aeng | ||
| 050 | _a658.404 | ||
| 100 | _aAusten, A.D. | ||
| 245 | _aManaging construction projects: a guide to processes and procedures | ||
| 260 |
_aGeneva _bInternational Labour Office _c1984 |
||
| 300 | _axii. 158p. 24cm | ||
| 350 | _a8.55 | ||
| 520 | _aGuide developed under a technical co-operation programme with the Swedish International Development Authority | ||
| 700 | _aNeale, R.H. | ||
| 942 | _n0 | ||
| 948 | _c04/03/1997 | ||
| 999 |
_c94463 _d94463 |
||